Estatísticas para Bandeiras para Capitais

Clique aqui para jogar o quiz

Estatísticas Gerais

  • Esse quiz foi jogado 55 vezes
  • A pontuação média é 72 de 196

Estatísticas das Respostas

Resposta% Correto
Londres
100%
Paris
100%
Roma
100%
Amesterdão
97%
Moscovo
97%
Washington D.C.
97%
Dublin
94%
Ottawa
94%
Tóquio
94%
Brasília
91%
Camberra
85%
Seúl
85%
Atenas
79%
Sofia
76%
Vaticano
76%
Berlim
74%
Bruxelas
74%
Budapeste
74%
Estocolmo
74%
Madrid
74%
Mexico City
74%
Pequim
74%
Buenos Aires
71%
Cairo
71%
Jerusalém
71%
Lima
71%
Oslo
71%
Santiago
71%
Caracas
68%
Mônaco
68%
Varsovia
68%
Wellington
68%
Berna
65%
Helsínquia
65%
Montevidéu
65%
Viena
65%
Nova Deli
62%
Pretória, Cidade do Cabo, ou Bloemfontein
62%
San Marino
62%
Ancara
59%
Assunção
59%
Havana
59%
Praga
59%
Copenhague
56%
Kingston
56%
Lisboa
56%
Luxemburgo
56%
Pyongyang
56%
Zagreb
56%
Abu Dhabi
53%
Cidade do Panamá
53%
Jakarta
53%
Reykjavík
53%
Singapura
53%
Bogotá
50%
Quito
50%
Riade
50%
Tirana
50%
Beirute
47%
Belgrado
47%
Doha
47%
Kiev
47%
Antananarivo
44%
Argel
44%
Hanói
44%
Bagdá
41%
Damasco
41%
Porto Príncipe
41%
Tunes
41%
Bratislava
38%
Georgetown
38%
Luanda
38%
Manila
38%
Maputo
38%
Minsk
38%
Santo Domingo
38%
Andorra-a-Velha
35%
Baku
35%
Bucareste
35%
Catmandu
35%
Daca
35%
Islamabad
35%
Nairóbi
35%
San José
35%
Teerã
35%
Yamoussoukro
35%
Dakar
32%
Kuala Lumpur
32%
Kuweit
32%
La Paz ou Sucre
32%
Liubliana
32%
Paramaribo
32%
Pristina
32%
Sarajevo
32%
Taipé
32%
Tbilisi
32%
Tegucigalpa
32%
Abuja
29%
Nassau
29%
Nicosia
29%
Nursultan
29%
Rabat
29%
San Salvador
29%
Tallinn
29%
Valeta
29%
Yaoundé
29%
Cabul
26%
Cidade da Guatemala
26%
Djibouti
26%
Escópia
26%
Kinshasa
26%
Vaduz
26%
Adís Abeba
24%
Amã
24%
Banguecoque
24%
Praia
24%
Saná
24%
São Tomé
24%
Trípoli
24%
Bandar Seri Begawan
21%
Belmopan
21%
Brazzaville
21%
Bridgetown
21%
Cartum
21%
Manágua
21%
Mascate
21%
Monróvia
21%
Ngerulmud
21%
Niamey
21%
Port-of-Spain
21%
Riga
21%
Vientiane
21%
Vilnius
21%
Apia
18%
Chișinău
18%
Díli
18%
Ereván
18%
Juba
18%
Malé
18%
Manama
18%
Naypyidaw
18%
Nukuʻalofa
18%
Ouagadougou
18%
Podgorica
18%
Port Moresby
18%
Saint John's
18%
Suva
18%
Tarawa
18%
Thimbu
18%
Windhoek
18%
Accra
15%
Asmara
15%
Dodoma
15%
Harare
15%
Kigali
15%
Libreville
15%
Malabo
15%
Phnom Penh
15%
Port Vila
15%
Tashkent
15%
Ulaanbaatar
15%
Victoria
15%
Asgabate
12%
Bissau
12%
Gaborone
12%
Kampala
12%
Lilongwe
12%
Majuro
12%
Mbabane
12%
Mogadiscio
12%
Moroni
12%
N'Djamena
12%
Nouakchott
12%
Palikir
12%
Yaren
12%
Bamako
9%
Bangui
9%
Basseterre
9%
Castries
9%
Conacri
9%
Duchambé
9%
Freetown
9%
Funafuti
9%
Honiara
9%
Kotte
9%
Lomé
9%
Lusaka
9%
Roseau
9%
Bisqueque
6%
Gitega
6%
Kingstown
6%
Maseru
6%
Porto-Novo ou Cotonou
6%
Saint George's
6%
Banjul
3%
Port Louis
3%

Distribuição das Pontuações

Percentil de Números Respondidos

Porcentagem de Pessoas com Cada Pontuação

Sua Pontuação Histórica

Você não jogou esse quiz